|
|
|
|
| LEADER |
00000nam0a2200000 4500 |
| 001 |
31977 |
| 005 |
20231101210053.0 |
| 010 |
|
|
|a 5020031550
|
| 035 |
|
|
|a (RuTPU)RU\TPU\book\32272
|
| 035 |
|
|
|a BOOK00000022
|
| 090 |
|
|
|a 31977
|
| 100 |
|
|
|a 20011210d1992 k y0rusy50 ca
|
| 101 |
0 |
|
|a rus
|
| 102 |
|
|
|a RU
|
| 105 |
|
|
|a a z 001zy
|
| 200 |
1 |
|
|a Происхождение и эволюция Земли и других планет Солнечной системы
|f А. А. Маракушев
|
| 210 |
|
|
|a Москва
|c Наука
|d 1992
|
| 215 |
|
|
|a 204 с.
|c ил.
|
| 300 |
|
|
|a Рез.: англ.
|
| 320 |
|
|
|a Библиогр.: с. 199-201.
|
| 606 |
|
|
|a Земля как астрономический объект
|2 stltpush
|3 (RuTPU)RU\TPU\subj\11744
|9 38649
|
| 606 |
|
|
|a Солнечная система
|x Происхождение
|2 stltpush
|3 (RuTPU)RU\TPU\subj\55500
|9 73522
|
| 610 |
1 |
|
|a астрономия
|
| 610 |
1 |
|
|a происхождение
|
| 610 |
1 |
|
|a развитие
|
| 610 |
1 |
|
|a планеты
|
| 610 |
1 |
|
|a Солнечная система
|
| 675 |
|
|
|a 523-52
|v 3
|
| 675 |
|
|
|a 523.31
|v 3
|
| 700 |
|
1 |
|a Маракушев
|b А. А.
|g Алексей Александрович
|
| 801 |
|
0 |
|a RU
|b 63413507
|c 20011210
|g PSBO
|
| 801 |
|
2 |
|a RU
|b 63413507
|c 20140213
|g PSBO
|
| 942 |
|
|
|c BK
|